[Event "Schaffhausen op"]
[Site "Schaffhausen"]
[Date "2022.03.19"]
[Round "3"]
[White "Potterat, Marc"]
[Black "Bomans, Arno"]
[Result "1-0"]
[WhiteElo "2091"]
[BlackElo "2247"]
[PlyCount "121"]
[EventDate "2022.03.18"]
[EventType "swiss"]
[EventRounds "5"]
[EventCountry "SUI"]
[SourceTitle "CBM 207 Extra"]
[Source "ChessBase"]
[SourceDate "2022.05.31"]
[SourceVersion "1"]
[SourceVersionDate "2022.05.31"]
[SourceQuality "1"]

1. d4 Nf6 2. c4 c5 3. d5 b5 4. cxb5 a6 5. e3 e6 6. Nc3 Bb7 7. e4 exd5 8. exd5 d6 9. Nf3 Be7 10. Be2 0-0 11. 0-0 Nbd7 12. bxa6 Bxa6 13. Bxa6 Rxa6 14. Qe2 Qa8 15. Bg5 Re8 16. Qd3 Rb8 17. Rae1 Bf8 18. Re2 g6 19. h3 h6 20. Bh4 Bg7 21. Bg3 Rab6 22. b3 Qa6 23. Qxa6 Rxa6 24. Rc1 Rb4 25. Bh2 Bf8 26. g4 c4 27. bxc4 Rxc4 28. Rcc2 Ra3 29. Re3 Ra5 30. Rd2 Nb6 31. Rb2 Nbxd5 32. Nxd5 Rxd5 33. Rb8 Kg7 34. Ra3 Rd1+ 35. Kg2 Rc2 36. Ra7 Ne4 37. Bg3 Nxg3 38. Kxg3 Rf1 39. Rbb7 Rcxf2 40. Rxf7+ Kg8 41. Rf4 Bg7 42. Ra8+ Kh7 43. Ng5+ hxg5 44. Rxf2 Rg1+ 45. Kh2 Rd1 46. Rf7 Rd2+ 47. Kg1 Kh6 48. Kf1 Rd4 49. Raa7 Rf4+ 50. Kg2 Rxf7 51. Rxf7 Bc3 52. Rd7 Bb4 53. a4 Bc5 54. Kf3 Bb4 55. Ke4 Bc5 56. Kd5 Ba7 57. a5 Bb6 58. a6 Bc5 59. Rxd6 Ba7 60. Kc6 Bb8 61. Rd2 1-0

[Event "SUI-chT"]
[Site "Switzerland"]
[Date "2018.09.09"]
[Round "7.3"]
[White "Bondar, Yevgen"]
[Black "Potterat, Marc"]
[Result "1-0"]
[WhiteElo "2344"]
[BlackElo "2183"]
[PlyCount "85"]
[EventDate "2018.03.25"]
[EventType "team-tourn"]
[EventRounds "9"]
[EventCountry "SUI"]
[SourceTitle "EXT 2019"]
[Source "ChessBase"]
[SourceDate "2018.10.10"]
[SourceVersion "1"]
[SourceVersionDate "2018.10.10"]
[SourceQuality "1"]
[WhiteTeam "Echallens"]
[BlackTeam "St Gallen"]
[WhiteTeamCountry "SUI"]
[BlackTeamCountry "SUI"]

1. e4 c5 2. c3 Nf6 3. e5 Nd5 4. Nf3 Nc6 5. Bc4 Nb6 6. Bb3 d5 7. exd6 e6 8. d4 cxd4 9. Nxd4 Nxd4 10. Qxd4 Qxd6 11. Qe4 Bd7 12. 0-0 Bc6 13. Qe2 Qc7 14. Nd2 Bd6 15. h3 0-0 16. Ne4 Bh2+ 17. Kh1 Bf4 18. Bxf4 Qxf4 19. Ng3 Qh4 20. Kh2 Nd5 21. Bxd5 Bxd5 22. b3 Rad8 23. Rad1 Bc6 24. Qe5 Qf6 25. Qc5 a6 26. Qe3 Rxd1 27. Rxd1 Rd8 28. Nh5 Rxd1 29. Nxf6+ gxf6 30. c4 Kg7 31. Qg3+ Kf8 32. Qh4 Ke7 33. Qxh7 Rd2 34. Kg3 Rxa2 35. f3 f5 36. Qh4+ f6 37. Qh7+ Kd6 38. h4 f4+ 39. Kh3 e5 40. Qf7 Kc5 41. Qxf6 Kb4 42. Qxe5 Kxb3 43. h5 1-0

[Event "Zuerich Chess Challenge op 6th"]
[Site "Zuerich"]
[Date "2017.04.14"]
[Round "3"]
[White "Potterat, Marc"]
[Black "Huss, Andreas"]
[Result "0-1"]
[WhiteElo "2129"]
[BlackElo "2313"]
[PlyCount "80"]
[EventDate "2017.04.13"]
[EventType "swiss"]
[EventRounds "9"]
[EventCountry "SUI"]
[SourceTitle "CBM 177 Extra"]
[Source "ChessBase"]
[SourceDate "2017.04.27"]
[SourceVersion "1"]
[SourceVersionDate "2017.04.27"]
[SourceQuality "1"]

1. d4 e6 2. Nf3 Nf6 3. e3 b6 4. Bd3 Bb7 5. b3 Ne4 6. Bb2 f5 7. 0-0 Bd6 8. Ne5 Bxe5 9. dxe5 Qg5 10. f4 Qg6 11. Be2 Nc3 12. Bh5 Nxd1 13. Bxg6+ hxg6 14. Rxd1 g5 15. Nc3 gxf4 16. exf4 Nc6 17. g3 Rh3 18. Nb5 0-0-0 19. Nd4 Ne7 20. c4 a6 21. Rd2 c5 22. Nc2 g5 23. fxg5 Rg8 24. Rad1 Bf3 25. Rf1 Bc6 26. b4 Rxg5 27. bxc5 bxc5 28. Ne1 Rg4 29. Rf4 Rxf4 30. gxf4 Be4 31. Rf2 Ng6 32. Kf1 Bb1 33. Bc1 Rc3 34. Rg2 Rxc1 35. Rxg6 Rxc4 36. Rg8+ Kc7 37. Ng2 Be4 38. h4 Rc3 39. h5 Rh3 40. Rg5 c4 0-1

[Event "SUI-ch op"]
[Site "Flims"]
[Date "2016.07.11"]
[Round "5"]
[White "Potterat, Marc"]
[Black "Patuzzo, Fabrizio"]
[Result "0-1"]
[WhiteElo "2133"]
[BlackElo "2358"]
[PlyCount "82"]
[EventDate "2016.07.08"]
[EventType "swiss"]
[EventRounds "9"]
[EventCountry "SUI"]
[SourceTitle "CBM 173 Extra"]
[Source "ChessBase"]
[SourceDate "2016.08.29"]
[SourceVersion "1"]
[SourceVersionDate "2016.08.29"]
[SourceQuality "1"]

1. d4 d5 2. Nf3 Nf6 3. e3 Bg4 4. c4 c6 5. Nc3 e6 6. h3 Bh5 7. cxd5 cxd5 8. Qb3 Qb6 9. Bb5+ Nc6 10. Ne5 Rc8 11. a4 Qc7 12. f4 Be7 13. 0-0 0-0 14. g4 Bg6 15. Nxg6 hxg6 16. Bd2 g5 17. Kg2 gxf4 18. Rxf4 Nh7 19. Rh1 Bg5 20. Rf3 Nxd4 21. exd4 Bxd2 22. Qc2 Bf4 23. Qf2 Bd6 24. Bd3 g6 25. h4 Kg7 26. g5 Rh8 27. Rf1 Nxg5 28. Nb5 Qe7 29. Rf6 Bb8 30. Qe3 Nh7 31. Rxf7+ Qxf7 32. Rxf7+ Kxf7 33. Nc3 Nf6 34. Qf2 g5 35. Qe1 Rxh4 36. Qd1 Rch8 37. Ne2 Rh2+ 38. Kf1 Rh1+ 39. Ng1 Bh2 40. Qb3 Rxg1+ 41. Ke2 b6 0-1

[Event "SUI-ch op"]
[Site "Flims"]
[Date "2016.07.08"]
[Round "2"]
[White "Gaehwiler, Gabriel"]
[Black "Potterat, Marc"]
[Result "1-0"]
[WhiteElo "2392"]
[BlackElo "2133"]
[PlyCount "33"]
[EventDate "2016.07.08"]
[EventType "swiss"]
[EventRounds "9"]
[EventCountry "SUI"]
[SourceTitle "CBM 173 Extra"]
[Source "ChessBase"]
[SourceDate "2016.08.29"]
[SourceVersion "1"]
[SourceVersionDate "2016.08.29"]
[SourceQuality "1"]

1. e4 c5 2. Nf3 d6 3. d4 cxd4 4. Nxd4 Nf6 5. Nc3 a6 6. Bg5 e6 7. f4 h6 8. Bh4 Be7 9. Qf3 Qc7 10. 0-0-0 b5 11. e5 Bb7 12. Qg3 dxe5 13. fxe5 Nh5 14. Nxe6 Nxg3 15. Nxc7+ Kf8 16. Bxe7+ Kxe7 17. hxg3 1-0

[Event "Paris-ch op-A"]
[Site "Paris"]
[Date "2010.07.08"]
[Round "6"]
[White "Potterat, Marc"]
[Black "Larsen, Harald"]
[Result "1/2-1/2"]
[WhiteElo "2178"]
[BlackElo "1961"]
[PlyCount "109"]
[EventDate "2010.07.03"]
[EventType "swiss"]
[EventRounds "9"]
[EventCountry "FRA"]
[SourceTitle "CBM 137 Extra"]
[Source "ChessBase"]
[SourceDate "2010.09.01"]
[SourceVersion "1"]
[SourceVersionDate "2010.09.01"]
[SourceQuality "1"]

1. d4 Nf6 2. c4 e6 3. Nc3 Bb4 4. Qc2 Nc6 5. Nf3 0-0 6. a3 Bxc3+ 7. Qxc3 a5 8. Bg5 d6 9. e3 Qe7 10. Bd3 e5 11. d5 Nb8 12. e4 a4 13. h3 Nbd7 14. 0-0 Re8 15. Qc2 Nf8 16. Rae1 h6 17. Be3 b6 18. Kh2 Ng6 19. g3 Nh7 20. Ng1 h5 21. Be2 h4 22. Bh5 Nhf8 23. Nf3 Qd7 24. Bg4 Qd8 25. Bg5 f6 26. Bxh4 Bxg4 27. hxg4 Qd7 28. g5 Qg4 29. Qe2 Nh7 30. gxf6 gxf6 31. Ng1 Qxe2 32. Nxe2 Ng5 33. Ng1 Kg7 34. Kg2 Rh8 35. Bxg5 fxg5 36. Nf3 Kf6 37. Rh1 Ne7 38. Nd2 Kg7 39. Rxh8 Rxh8 40. Nf3 Kg6 41. Rh1 Rb8 42. Rc1 Ng8 43. Nh2 Nf6 44. f3 Ra8 45. Nf1 g4 46. Ne3 gxf3+ 47. Kxf3 Rh8 48. Nf1 Kg5 49. Re1 Ng4 50. Re2 Rf8+ 51. Kg2 Rf7 52. Ne3 Nxe3+ 53. Rxe3 Kg4 54. Rd3 Rf8 55. Re3 1/2-1/2

[Event "Paris-ch op-A"]
[Site "Paris"]
[Date "2010.07.04"]
[Round "2"]
[White "Potterat, Marc"]
[Black "Ledoux, Alain"]
[Result "0-1"]
[WhiteElo "2178"]
[BlackElo "1945"]
[PlyCount "90"]
[EventDate "2010.07.03"]
[EventType "swiss"]
[EventRounds "9"]
[EventCountry "FRA"]
[SourceTitle "CBM 137 Extra"]
[Source "ChessBase"]
[SourceDate "2010.09.01"]
[SourceVersion "1"]
[SourceVersionDate "2010.09.01"]
[SourceQuality "1"]

1. d4 Nf6 2. c4 e6 3. Nc3 Bb4 4. Qc2 0-0 5. a3 Bxc3+ 6. Qxc3 h6 7. g3 d6 8. Bg2 Nbd7 9. Nf3 c5 10. 0-0 Qc7 11. b3 b6 12. Nd2 Bb7 13. e4 cxd4 14. Qxd4 Rfd8 15. Bb2 Rac8 16. b4 e5 17. Qd3 Nf8 18. Rfd1 Ne6 19. Rac1 Qe7 20. Nf1 Ng5 21. f3 Qe6 22. Ne3 g6 23. g4 h5 24. h4 Nxf3+ 25. Bxf3 hxg4 26. Bg2 Nh5 27. Nd5 Bxd5 28. Qxd5 Qe7 29. Rf1 Rc7 30. Rc2 Qxh4 31. Bc1 g3 32. Bf3 Nf4 33. Bxf4 exf4 34. Rd1 Re8 35. Kf1 Rec8 36. Ke2 a6 37. Qd4 Qe7 38. Qxd6 Qxd6 39. Rxd6 Rxc4 40. Rxc4 Rxc4 41. Rxb6 Rc2+ 42. Kf1 Rf2+ 43. Kg1 Rxf3 44. Rxa6 Kg7 45. e5 Rb3 0-1

[Event "Paris-ch op-A"]
[Site "Paris"]
[Date "2010.07.03"]
[Round "1"]
[White "Huguet, Etienne"]
[Black "Potterat, Marc"]
[Result "1/2-1/2"]
[WhiteElo "1966"]
[BlackElo "2178"]
[PlyCount "89"]
[EventDate "2010.07.03"]
[EventType "swiss"]
[EventRounds "9"]
[EventCountry "FRA"]
[SourceTitle "CBM 137 Extra"]
[Source "ChessBase"]
[SourceDate "2010.09.01"]
[SourceVersion "1"]
[SourceVersionDate "2010.09.01"]
[SourceQuality "1"]

1. d4 Nf6 2. c4 g6 3. Nc3 Bg7 4. e4 d6 5. Nf3 0-0 6. Be2 c5 7. 0-0 cxd4 8. Nxd4 a6 9. Be3 Nbd7 10. Qd2 Nc5 11. f3 Bd7 12. Rfd1 Re8 13. Rac1 Rb8 14. Nc2 Na4 15. Nxa4 Bxa4 16. b3 Bc6 17. Nb4 Nd7 18. Nd5 Bxd5 19. Qxd5 b6 20. Rc2 Qc7 21. b4 Rec8 22. Rdc1 a5 23. a3 axb4 24. axb4 Qa7 25. Qd2 Rc7 26. g3 Rbc8 27. Kg2 Qa4 28. f4 Qa6 29. Bf3 Ra7 30. c5 bxc5 31. bxc5 Nxc5 32. Bxc5 Rxc5 33. Rxc5 dxc5 34. Rxc5 Ra8 35. e5 Rc8 36. Rxc8+ Qxc8 37. Qa2 e6 38. Qa8 Qxa8 39. Bxa8 Bf8 40. g4 Bb4 41. Kf3 Bc5 42. Bc6 Bg1 43. Kg2 Bd4 44. h4 Bc3 45. g5 1/2-1/2

[Event "Zuerich op 33rd"]
[Site "Zuerich"]
[Date "2009.12.29"]
[Round "5"]
[White "Livner, Anders"]
[Black "Potterat, Marc"]
[Result "1-0"]
[WhiteElo "2316"]
[BlackElo "2155"]
[PlyCount "59"]
[EventDate "2009.12.26"]
[EventType "swiss"]
[EventRounds "7"]
[EventCountry "SUI"]
[SourceTitle "CBM 134 Extra"]
[Source "ChessBase"]
[SourceDate "2010.03.03"]
[SourceVersion "1"]
[SourceVersionDate "2010.03.03"]
[SourceQuality "1"]

1. d4 Nf6 2. c4 g6 3. g3 Bg7 4. Bg2 0-0 5. Nf3 d6 6. 0-0 c5 7. d5 Na6 8. Nc3 Nc7 9. a4 Rb8 10. Bf4 b6 11. e4 a6 12. Rb1 Nd7 13. Qd2 b5 14. Rfe1 bxc4 15. e5 dxe5 16. Nxe5 Nxe5 17. Bxe5 Bf5 18. Rbd1 Bxe5 19. Rxe5 f6 20. Ree1 Qd6 21. Bf1 Bd3 22. Bxd3 cxd3 23. Qxd3 Rxb2 24. Ne4 Qb6 25. d6 exd6 26. Nxd6 Qb3 27. Qe4 f5 28. Qe5 Qc2 29. Rf1 f4 30. Ne4 1-0

[Event "Rapperswil Jona op"]
[Site "Rapperswil"]
[Date "2009.07.05"]
[Round "5"]
[White "Wyss, Jonas"]
[Black "Potterat, Marc"]
[Result "1-0"]
[WhiteElo "2251"]
[BlackElo "2156"]
[PlyCount "65"]
[EventDate "2009.07.03"]
[EventType "swiss"]
[EventRounds "5"]
[EventCountry "SUI"]
[SourceTitle "EXT 2010"]
[Source "ChessBase"]
[SourceDate "2010.11.25"]
[SourceVersion "1"]
[SourceVersionDate "2010.11.25"]
[SourceQuality "1"]

1. e4 c5 2. Nf3 d6 3. d4 cxd4 4. Nxd4 Nf6 5. Nc3 a6 6. Bg5 e6 7. f4 b5 8. e5 dxe5 9. fxe5 Qc7 10. exf6 Qe5+ 11. Be2 Qxg5 12. 0-0 Qe5 13. Nf3 Bc5+ 14. Kh1 Qxf6 15. Ne4 Qe7 16. Nfg5 0-0 17. Nxf7 Nd7 18. Neg5 Be3 19. h4 h6 20. Bd3 Bxg5 21. Qf3 Nc5 22. hxg5 Bb7 23. Qh5 Rxf7 24. Bh7+ Kf8 25. gxh6 Ne4 26. hxg7+ Kxg7 27. Qg6+ Kh8 28. Rxf7 Qh4+ 29. Kg1 Qg5 30. Qxg5 Nxg5 31. Rxb7 Nxh7 32. Rd1 Nf6 33. Rd6 1-0

[Event "Rapperswil Jona op"]
[Site "Rapperswil"]
[Date "2009.07.04"]
[Round "3"]
[White "Habibi, Ali"]
[Black "Potterat, Marc"]
[Result "1-0"]
[WhiteElo "2290"]
[BlackElo "2156"]
[PlyCount "85"]
[EventDate "2009.07.03"]
[EventType "swiss"]
[EventRounds "5"]
[EventCountry "SUI"]
[SourceTitle "EXT 2010"]
[Source "ChessBase"]
[SourceDate "2010.11.25"]
[SourceVersion "1"]
[SourceVersionDate "2010.11.25"]
[SourceQuality "1"]

1. Nf3 Nf6 2. g3 g6 3. Bg2 Bg7 4. 0-0 0-0 5. d3 d6 6. c3 c5 7. Qa4 Qd7 8. Qb3 Nc6 9. Nbd2 Rb8 10. a4 d5 11. e4 e6 12. Qa3 b6 13. Re1 Ba6 14. e5 Ng4 15. d4 cxd4 16. cxd4 f6 17. b4 Nxd4 18. Nxd4 fxe5 19. f3 exd4 20. fxg4 e5 21. b5 Bb7 22. h3 Rbc8 23. Bb2 e4 24. Qb3 Kh8 25. a5 Rc5 26. axb6 axb6 27. Ra7 Rb8 28. Qa4 d3 29. Bd4 Bxd4+ 30. Qxd4+ Qg7 31. Qa4 Qe5 32. Kh2 Rc2 33. Qb4 Kg8 34. Rf1 Rc5 35. Nb3 Qc3 36. Qa4 Rcc8 37. Rc1 Qg7 38. Rc6 Qe5 39. Rxb7 Rxb7 40. Rxc8+ Kg7 41. Qa8 Rf7 42. Re8 Qb2 43. g5 1-0

[Event "Zuerich op-A 32nd"]
[Site "Zuerich"]
[Date "2008.12.29"]
[Round "6"]
[White "Kelecevic, Nedeljko"]
[Black "Potterat, Marc"]
[Result "1-0"]
[WhiteElo "2366"]
[BlackElo "2163"]
[PlyCount "45"]
[EventDate "2008.12.26"]
[EventType "swiss"]
[EventRounds "7"]
[EventCountry "SUI"]
[SourceTitle "CBM 127 Extra"]
[Source "ChessBase"]
[SourceDate "2009.01.08"]
[SourceVersion "2"]
[SourceVersionDate "2009.01.28"]
[SourceQuality "1"]

1. d4 d5 2. Nf3 Nc6 3. c4 Bg4 4. Nc3 Nf6 5. cxd5 Nxd5 6. a3 e6 7. e4 Nde7 8. Be3 Bxf3 9. gxf3 Qd7 10. Qa4 Rd8 11. 0-0-0 a6 12. Bh3 Nb8 13. Qc2 Qd6 14. f4 g6 15. d5 e5 16. fxe5 Qxe5 17. Bg4 h5 18. f4 Qf6 19. Bh3 Bh6 20. Qf2 Nd7 21. Kb1 c5 22. e5 Qb6 23. Bxd7+ 1-0

[Event "Biel MTO op 40th"]
[Site "Biel"]
[Date "2007.07.28"]
[Round "6"]
[White "Potterat, Marc"]
[Black "Javet, Blaise"]
[Result "0-1"]
[WhiteElo "2205"]
[BlackElo "2063"]
[PlyCount "72"]
[EventDate "2007.07.23"]
[EventType "swiss"]
[EventRounds "11"]
[EventCountry "SUI"]
[SourceTitle "CBM 119 Extra"]
[Source "ChessBase"]
[SourceDate "2007.09.04"]
[SourceVersion "1"]
[SourceVersionDate "2007.09.04"]
[SourceQuality "1"]

1. d4 Nf6 2. c4 c5 3. d5 a6 4. a4 e6 5. Nc3 d6 6. e4 exd5 7. cxd5 g6 8. f4 Bg7 9. Nf3 0-0 10. Be2 Re8 11. e5 dxe5 12. fxe5 Ng4 13. Bg5 Qb6 14. 0-0 c4+ 15. Kh1 Bf5 16. Qd2 Bd3 17. Bxd3 cxd3 18. a5 Qc7 19. d6 Qc6 20. Qf4 Qd7 21. Nd5 Nc6 22. Nb6 Qe6 23. d7 Rf8 24. Nxa8 Rxa8 25. d8Q+ Nxd8 26. Bxd8 Rxd8 27. Rae1 d2 28. Rd1 Bh6 29. Qg3 Rd7 30. Qh4 Kg7 31. Ng5 Qc4 32. g3 Qd5+ 33. Nf3 Qc4 34. h3 Ne3 35. Qxc4 Nxc4 36. b3 Nb2 0-1

[Event "Biel MTO op"]
[Site "Biel"]
[Date "2005.07.29"]
[Round "11"]
[White "Potterat, Marc"]
[Black "Benkovic, Petar"]
[Result "1-0"]
[WhiteElo "2189"]
[BlackElo "2431"]
[PlyCount "71"]
[EventDate "2005.07.18"]
[EventType "swiss"]
[EventRounds "11"]
[EventCountry "SUI"]
[SourceTitle "CBM 107 Extra"]
[Source "ChessBase"]
[SourceDate "2005.09.01"]
[SourceVersion "1"]
[SourceVersionDate "2005.09.01"]
[SourceQuality "1"]

1. d4 d5 2. c4 e6 3. g3 Nf6 4. Bg2 Be7 5. Nf3 0-0 6. 0-0 Nbd7 7. Qc2 c6 8. b3 b6 9. Rd1 a5 10. Bb2 Ba6 11. Nbd2 Qb8 12. e4 Rc8 13. Rac1 Ra7 14. Qb1 a4 15. Bf1 axb3 16. axb3 dxe4 17. Nxe4 Nxe4 18. Qxe4 Nf6 19. Qc2 h6 20. Bg2 Bb7 21. Ne5 Ra2 22. Ra1 Rxa1 23. Rxa1 Qc7 24. h3 Qb8 25. Qe2 c5 26. Bxb7 Qxb7 27. Qf3 Qxf3 28. Nxf3 Rb8 29. Bc1 Nd7 30. Bf4 Rc8 31. Ra7 Rd8 32. Rb7 cxd4 33. Bc7 Ra8 34. Nxd4 Nf6 35. Bxb6 Kf8 36. Nc6 1-0

[Event "Oberliga Baden 0203"]
[Site "Germany"]
[Date "2003.03.30"]
[Round "9.3"]
[White "Potterat, Marc"]
[Black "Weindl, Alfred"]
[Result "0-1"]
[WhiteElo "2165"]
[BlackElo "2374"]
[PlyCount "90"]
[EventDate "2002.10.20"]
[EventType "team-tourn"]
[EventRounds "9"]
[EventCountry "GER"]
[SourceTitle "EXT 2018"]
[Source "ChessBase"]
[SourceDate "2017.10.13"]
[SourceVersion "1"]
[SourceVersionDate "2017.10.13"]
[SourceQuality "1"]
[WhiteTeam "Gottmadingen"]
[BlackTeam "Konstanz"]
[WhiteTeamCountry "GER"]
[BlackTeamCountry "GER"]

1. d4 Nf6 2. c4 c5 3. d5 b5 4. cxb5 a6 5. e3 axb5 6. Bxb5 Qa5+ 7. Nc3 Bb7 8. Bd2 Qb6 9. Qb3 e6 10. e4 Nxe4 11. Nxe4 Bxd5 12. Qd3 Qb7 13. f3 c4 14. Bxc4 Bxc4 15. Qxc4 d5 16. Qc2 dxe4 17. Rc1 Nd7 18. Qxe4 Qxe4+ 19. fxe4 Nc5 20. Nf3 Rxa2 21. 0-0 Nd3 22. Rc8+ Kd7 23. Rc3 Bc5+ 24. Rxc5 Nxc5 25. Ne5+ Ke8 26. Bb4 f6 27. Bxc5 fxe5 28. Ba3 h5 29. h4 Rh6 30. Rf8+ Kd7 31. Rf7+ Kc6 32. Rxg7 Ra1+ 33. Kf2 Rf6+ 34. Ke2 Rf4 35. Rg5 Rxe4+ 36. Kf3 Rf4+ 37. Kg3 Rf5 38. Rg8 Rd1 39. Rg6 Kd5 40. Rg8 Rd3+ 41. Kh2 e4 42. Bb4 e3 43. Rd8+ Ke4 44. Re8 e5 45. Ra8 e2 0-1

[Event "SUI-chT"]
[Site "Switzerland"]
[Date "2002.04.21"]
[Round "3.7"]
[White "Potterat, Marc"]
[Black "Adler, Joel Arturo Manuel"]
[Result "1-0"]
[WhiteElo "2199"]
[BlackElo "2306"]
[PlyCount "133"]
[EventDate "2002.03.03"]
[EventType "team-tourn"]
[EventRounds "9"]
[EventCountry "SUI"]
[SourceTitle "EXT 2003"]
[Source "ChessBase"]
[SourceDate "2002.11.25"]
[SourceVersion "1"]
[SourceVersionDate "2002.11.25"]
[SourceQuality "1"]
[WhiteTeam "St Gallen"]
[BlackTeam "Bern"]
[WhiteTeamCountry "SUI"]
[BlackTeamCountry "SUI"]

1. d4 d6 2. e4 Nf6 3. Nc3 e5 4. Nf3 Nbd7 5. Bc4 Be7 6. 0-0 0-0 7. h3 c6 8. a4 b6 9. Qe2 Bb7 10. Rd1 Qc7 11. Bg5 Rae8 12. dxe5 dxe5 13. Bh4 Bc8 14. g4 Nc5 15. Bg3 Bd6 16. Rd2 Qb8 17. Rad1 Bc7 18. Nh4 g6 19. Qe3 Ne6 20. Qh6 Kh8 21. Bxe6 Ng8 22. Nxg6+ fxg6 23. Bxg8 Kxg8 24. Rd7 Bxd7 25. Rxd7 Rf7 26. Rxf7 Kxf7 27. Qxh7+ Ke6 28. Qxg6+ Kd7 29. Qf5+ Re6 30. Nd5 Bd8 31. g5 Qd6 32. Qf7+ Kc8 33. Nf6 Bxf6 34. gxf6 Rxf6 35. Qe8+ Kb7 36. Qxe5 Qd1+ 37. Kh2 Qf3 38. Qb8+ Ka6 39. e5 Rg6 40. Qc8+ Ka5 41. Qd7 Kxa4 42. Qxa7+ Kb5 43. b3 Kc5 44. Qe7+ Kd5 45. Qd7+ Kc5 46. Qe7+ Kd5 47. Qh4 b5 48. Qd8+ Kc5 49. Qd3 Qxd3 50. cxd3 Kd5 51. f4 Ke6 52. Bh4 Kf5 53. Bg5 Rg7 54. h4 Rd7 55. h5 Rxd3 56. h6 Rd7 57. Bf6 Rh7 58. Bg7 c5 59. Kg3 c4 60. bxc4 b4 61. c5 b3 62. c6 b2 63. c7 b1Q 64. c8Q+ Ke4 65. Qc4+ Ke3 66. Qc3+ Ke4 67. Qf3+ 1-0